000
00427nam a2200133Ia 4500
008
100328s9999 xx 000 0 und d
082
_b
61842
100
_a
नाईक गुरुनाथ.
245
_a
गोगलगाईचा संदेश.
260
_b
नंदादीप.
630
_a
गोगलगाईचा संदेश.
730
_a
गोगलगाईचा संदेश.
942
_c
BOOK
999
_c
547902
_d
547899